000 00767nas a2200241 4500
001 BR9702926
003 BR-BrBNA
005 20231205100235.0
007 ta
008 230509b bl.|||p| |||| 00| 00por d
040 _aBR-BrBNA
_bpor
_cBiblioteca Nacional de Agricultura
041 _a(Pt)
072 _aF02
100 1 _aDutra, L.F.
100 1 _aKersten, E.
245 1 _aEfeito do substrato e da epoca de coleta dos ramos no enraizamento de estacas de ameixeira (Prunus salicina Lindl.)
650 _aAmeixa
650 _aEnraizamento de Estaca
650 _aSubstrato de Cultura
773 0 _tCiencia Rural (Brazil)
_xISSN 0103-8478
_g(Sep-Dec 1996), v. 26(3) p. 361-366
_wBR9702926
909 _a202311
_bLúcia
_c55
_dLúcia Elande
942 _2AGRIS
_n0
_cANA
999 _c154904
_d154904